000
00335nam a2200133Ia 4500
008
100328s9999 xx 000 0 und d
082
_b
20997
100
_a
कीर गिरिजा
245
_a
गिरकी
260
_b
हेमचंद्र
630
_a
गिरकी
730
_a
गिरकी
942
_c
BOOK
999
_c
515055
_d
515052